Communes des Landes (40) de plus de 10000 habitants - Statistiques

Statistiques générales
  • Ce quiz a été pris 96 fois
  • Le résultat moyen est 4 sur 5
Statistiques - réponses
Habitants Commune % Correct
21716 Dax
100%
31455 (préfecture) Mont-de-Marsan
100%
15412 Biscarrosse
67%
14114 Saint-Paul-lès-Dax
61%
12900 Tarnos
41%
Aucun quiz correspondant
Distribution des résultats
% des personnes avec chaque résultat
Percentile par nombre de réponses
Votre historique - résultats
Vous n’avez pas pris ce quiz